| 000 | 00482nam a22001697a 4500 | ||
|---|---|---|---|
| 008 | 211202b |||||||| |||| 00| 0 eng d | ||
| 020 | _a1412975414 | ||
| 050 |
_aLB1027.23 _b.P74 2010 |
||
| 100 | _aPrensky, Marc | ||
| 245 |
_aTeaching Digital Natives _bpartnering for real learning _cPrensky Marc |
||
| 260 |
_aCalifornia _bCrown _c2010 |
||
| 300 | _axx, 203p. | ||
| 650 | _aActive learning | ||
| 650 | _aEffective teaching | ||
| 650 | _aEducational change | ||
| 942 |
_2lcc _cBK |
||
| 999 |
_c19166 _d19165 |
||